000 00233nam a2200097Ia 4500
001 698087
005 20250826162044.0
008 250824s9999 xx 000 0 und d
245 0 _aDİRİLİŞ
_cTOLSTOY
260 _bİŞ BANKASI KÜLTÜR
999 _c698087
_d698087